A book of light : (Record no. 137273)
[ view plain ]
| 000 -LEADER | |
|---|---|
| fixed length control field | 00787nam a22002057a 4500 |
| 005 - DATE AND TIME OF LATEST TRANSACTION | |
| control field | 20230705160045.0 |
| 010 ## - LCCN (DPL NO) | |
| LC control number | 1718EN-30 B-681680-684 ENG-137289 |
| 020 ## - INTERNATIONAL STANDARD BOOK NUMBER | |
| International Standard Book Number | 9789386050175 |
| Terms of availability | 399.00 |
| 035 ## - SYSTEM CONTROL NUMBER | |
| System control number | B-681680-684 EN-120821 |
| 037 ## - SOURCE OF ACQUISITION | |
| Source of stock number/acquisition | Pragati |
| Stock number | dpl |
| 037 ## - SOURCE OF ACQUISITION | |
| Source of stock number/acquisition | DBAD/PUB |
| 082 ## - DEWEY DECIMAL CLASSIFICATION NUMBER | |
| Classification number | 306.7 |
| 245 ## - TITLE STATEMENT | |
| Title | A book of light : |
| Statement of responsibility, etc | edited by Jerry Pinto |
| Remainder of title | when a loved one has a different mind / |
| 260 ## - PUBLICATION, DISTRIBUTION, ETC. (IMPRINT) | |
| Place of publication, distribution, etc | New Delhi |
| Name of publisher, distributor, etc | Speaking Tiger |
| Date of publication, distribution, etc | 2016 |
| 270 ## - ADDRESS | |
| Address | 4381/4, Ansari Road, Daryaganj |
| City | New Delhi |
| Postal code | 110002 |
| 300 ## - PHYSICAL DESCRIPTION | |
| Extent | 175p. |
| Other physical details | 22cm(Hb) |
| 700 ## - ADDED ENTRY--PERSONAL NAME | |
| Personal name | Pinto,Jerry |
| 942 ## - ADDED ENTRY ELEMENTS (KOHA) | |
| Source of classification or shelving scheme | Dewey Decimal Classification |
| Item type | English Books |
| Classification part | 306.7 |
| Call number suffix | ABO |
| Withdrawn status | Lost status | Not for loan | Collection code | Home library | Current library | Date acquired | Source of acquisition | Cost, normal purchase price | Full call number | Barcode | Copy number | Cost, replacement price | Koha item type |
|---|---|---|---|---|---|---|---|---|---|---|---|---|---|
| Non-fiction | Ashok Vihar | Ashok Vihar | 04/05/2018 | Pragati/142/27.11.2017/672/20.11.2017/28.11.2017 | 399.00 | 306.7 ABO | B-681681 | 1 | 399.00 | English Books | |||
| Non-fiction | Bawana | Bawana | 04/05/2018 | Pragati/142/27.11.2017/672/20.11.2017/28.11.2017 | 399.00 | 306.7 ABO | B-681684 | 1 | 399.00 | English Books | |||
| Non-fiction | Central Library | Central Library | 04/05/2018 | Pragati/142/27.11.2017/672/20.11.2017/28.11.2017 | 399.00 | 306.7 ABO | B-681680 | 1 | 399.00 | English Books | |||
| Not For Loan | Non-fiction | D.B.Act.Division | D.B.Act.Division | 05/07/2023 | DBAD/PUB | 399.00 | 306.7 ABO | EN-120821 | 1 | 399.00 | English Books | ||
| Non-fiction | Janak Puri | Janak Puri | 04/05/2018 | Pragati/142/27.11.2017/672/20.11.2017/28.11.2017 | 399.00 | 306.7 ABO | B-681683 | 1 | 399.00 | English Books | |||
| Non-fiction | Patel Nagar | Patel Nagar | 04/05/2018 | Pragati/142/27.11.2017/672/20.11.2017/28.11.2017 | 399.00 | 306.7 ABO | B-681682 | 1 | 399.00 | English Books | |||
| Non-fiction | Shahdara Branch | Shahdara Branch | 27/01/2017 | DBAD/PUB | 399.00 | 306.7 ABO | EN-100726 | 1 | 399.00 | English Books |
